Statistiques concernant Les îles les plus peuplées de France

Cliquez ici pour prendre le quiz!

Statistiques générales

  • Ce quiz a été pris 157 fois
  • Le résultat moyen est 7 sur 10

Statistiques - réponses

HintRéponse% Correct
376 480Martinique
99%
852 924Réunion
98%
330 445Corse
94%
197 603Guadeloupe (Grande-Terre)
94%
224 245Mayotte (Grande-Terre)
81%
247 600 *Nouvelle-Calédonie (Grande-Terre)
66%
22 324Oléron
65%
192 760 *Tahiti
55%
186 661Guadeloupe (Basse-Terre)
40%
29 273Mayotte (Petite-Terre)
16%

Distribution des résultats

Percentile par nombre de réponses

% des personnes avec chaque résultat

Votre développement - résultats

Vous n’avez pas pris ce quiz